000 00252nam a2200085Ia 4500
245 0 _aThe big splat, or, How our moon came to be
100 _a MACKENZIE, Dana Hoboken, NJ, 2003
_9101196
942 _cBK
008 210818s9999 xx 000 0 und d
999 _c437325
_d437324